[Event "45th Olympiad 2024"]
[Site "Budapest HUN"]
[Date "2024.09.14"]
[Round "4.20"]
[Board "2"]
[White "Nanjo, Ryosuke"]
[Black "Banusz, Tamas"]
[Result "0-1"]
[WhiteElo "2372"]
[BlackElo "2605"]
[PlyCount "146"]
[EventDate "2024.09.11"]
[WhiteTeam "Japan"]
[BlackTeam "Hungary B"]
[WhiteTeamCountry "JPN"]

1. e4 c5 2. Nf3 Nc6 3. Bb5 Nf6 4. Nc3 Nd4 5. e5 Nxb5 6. Nxb5 Nd5 7. Ng5 f6 8. Qf3 Nc7 9. exf6 exf6 10. Qh5+ g6 11. Qe2+ Ne6 12. Nxe6 dxe6 13. b3 e5 $146 ({RR} 13... Bd7 14. Bb2 Kf7 15. O-O-O a6 16. Nc3 Bc6 17. Ne4 Be7 18. Rhe1 Qd5 19. f3 h5 20. d4 cxd4 21. Rxd4 Qf5 22. Ng3 Qg5+ 23. Kb1 Qe5 24. Re4 Qb5 25. Qxb5 axb5 26. Rxe6 Rae8 27. h4 Bd8 28. Rxe8 {½-½ So,W (2770)-Carlsen,M (2863) Chess24 Banter Blitz Cup Final 2020 (4.8)}) 14. Bb2 Bh6 15. O-O-O O-O 16. h4 Be6 17. g4 Bf4 18. g5 a6 19. Nc3 fxg5 20. hxg5 Qxg5 21. Rdg1 Qe7 22. Ne4 Rad8 23. Kb1 Bd5 24. d3 Rd7 25. Rh5 Rf7 26. Nd2 Rd6 27. Ne4 Bxe4 28. Qxe4 Re6 29. Rh3 Qd7 30. Rh4 Qc6 31. Qe2 Rf5 32. Rgh1 h5 33. Rg1 Kf7 34. Bc3 b5 35. a3 Qd5 36. f3 b4 37. axb4 cxb4 38. Bxb4 a5 39. Ba3 Rb6 40. Qe4 Qxe4 41. dxe4 Rff6 42. Rd1 Bg3 43. Rd7+ Kg8 44. Rh1 Rxf3 45. Ra7 Rbf6 46. Ka2 Rf1 47. Ra8+ Kg7 48. Rh3 h4 49. Be7 R6f4 50. Rxa5 Rxe4 51. Ra4 Rff4 52. Rxe4 Rxe4 53. Ka3 Kf7 54. Bd8 Rd4 55. Bg5 Ke6 56. b4 Kf5 57. Be7 g5 58. b5 g4 59. Rh1 h3 60. b6 e4 61. Rf1+ Ke6 62. Bf6 Bd6+ 63. Ka2 Ra4+ 64. Kb3 Rb4+ 65. Kc3 Rxb6 66. Bh4 g3 67. Bxg3 Bxg3 68. Kd4 Rb4+ 69. c4 Be5+ 70. Kxe4 Rxc4+ 71. Kf3 Rf4+ 72. Ke2 Rxf1 73. Kxf1 Bd4 0-1

[Event "45th Olympiad 2024"]
[Site "Budapest HUN"]
[Date "2024.09.14"]
[Round "4.20"]
[Board "3"]
[White "Prohaszka, Peter2"]
[Black "Aoshima, Mirai"]
[Result "1-0"]
[WhiteElo "2542"]
[BlackElo "2385"]
[PlyCount "51"]
[EventDate "2024.09.11"]
[WhiteTeam "Hungary B"]
[BlackTeam "Japan"]
[BlackTeamCountry "JPN"]

1. d4 Nf6 2. c4 e6 3. Nf3 c5 4. d5 b5 5. e4 Nxe4 6. Bd3 Nf6 7. Nc3 bxc4 8. Bxc4 Ba6 9. Bxa6 Nxa6 10. Bg5 ({RR} 10. O-O Nb4 11. Bg5 Qb6 12. Bxf6 gxf6 13. a3 Na6 14. Ne4 f5 15. dxe6 O-O-O 16. exd7+ Rxd7 17. Ned2 Rg8 18. Qc2 Qg6 19. g3 f4 20. Qa4 fxg3 21. hxg3 Bg7 22. Nc4 Bd4 23. Qxd7+ Kxd7 24. Nce5+ Ke6 {1-0 Matlakov,M (2718)-Kosteniuk,A (2561) Titled Tuesday intern op 2nd Jan blitz 2018 (6)}) 10... Qb6 $146 ({RR} 10... Qb8 11. Bxf6 gxf6 12. O-O Qxb2 13. Qd3 Nb4 14. Qc4 Qc2 15. Rfd1 Nxd5 16. Rxd5 exd5 17. Qxd5 Rb8 18. Ne5 Be7 19. Qxf7+ Kd8 20. Qd5 fxe5 21. Qxe5 Qb2 22. Qxh8+ Kc7 23. Qe5+ Bd6 24. Qe1 Re8 25. Nd5+ {1-0 Girel,J (2395)-Defromont,B (2289) ch-FRA U20 2023 (4.2)}) ({RR} 10... Qb8 11. Qa4 Nb4 12. Bxf6 gxf6 13. Rd1 Nxd5 14. Nxd5 exd5 15. O-O d4 16. Rfe1+ Be7 17. Qa3 d6 18. Nh4 Kd8 19. Nf5 Re8 20. Qf3 Kd7 21. Qd5 Bf8 22. Rxe8 Qxe8 23. Qb7+ Ke6 24. g4 {1-0 Moranda,W (2554)-Koziorowicz,M (2324) 81st PGNig ch-POL 2024 (5.5)}) 11. O-O Qxb2 12. dxe6 fxe6 13. Ne5 Be7 14. Bxf6 gxf6 15. Qxd7+ Kf8 16. Qxe6 fxe5 17. Nd5 Re8 18. Rab1 Qc2 19. Nxe7 Rxe7 20. Qf6+ Ke8 21. Qxh8+ Kf7 22. f4 e4 23. Qxh7+ Kf8 24. Qh8+ Kf7 25. f5 e3 26. f6 1-0

[Event "45th Olympiad 2024"]
[Site "Budapest HUN"]
[Date "2024.09.14"]
[Round "4.20"]
[Board "4"]
[White "Kojima, Shinya"]
[Black "Antal, Gergely"]
[Result "0-1"]
[WhiteElo "2299"]
[BlackElo "2544"]
[PlyCount "76"]
[EventDate "2024.09.11"]
[WhiteTeam "Japan"]
[BlackTeam "Hungary B"]
[WhiteTeamCountry "JPN"]

1. d4 Nf6 2. c4 g6 3. Nf3 Bg7 4. g3 c6 5. Bg2 d5 6. cxd5 cxd5 7. Nc3 O-O 8. Ne5 Nc6 9. O-O Bf5 10. Nxc6 bxc6 11. Bf4 Nh5 12. Be3 c5 13. Bxd5 cxd4 14. Bxd4 Bxd4 15. Qxd4 e6 16. g4 Bxg4 17. Qxg4 Nf6 18. Qd4 $146 ({RR} 18. Qf3 Nxd5 19. Nxd5 exd5 20. Rfd1 Qg5+ 21. Kh1 Qe5 22. Rd2 Rab8 23. Rb1 Rfd8 24. b3 d4 25. Rbd1 Kg7 26. Qg4 h5 27. Qh4 d3 28. e3 Rbc8 29. Rxd3 Rxd3 30. Rxd3 Qf5 31. Qd4+ Kh7 32. e4 Qg4 {1-0 Stork,O (2351)-Pavlovic,M (2444) 33rd Staufer-Open 2023 (7.7)}) 18... Nxd5 19. Nxd5 exd5 20. Rfd1 Qg5+ 21. Kf1 Qh5 22. Qxd5 Qxh2 23. e3 Rae8 24. Ke2 Re5 25. Qh1 Qf4 26. Rac1 Qa4 27. Rd2 Qxa2 28. Qb7 Qe6 29. Rc7 a5 30. Rdd7 Rf5 31. Re7 Qf6 32. f3 Rh5 33. b3 Qb2+ 34. Kd3 Qb1+ 35. Kc3 Qc1+ 36. Kd3 Qd1+ 37. Kc3 Rh2 38. Rxf7 Rc2# 0-1

[Event "45th Olympiad 2024"]
[Site "Budapest HUN"]
[Date "2024.09.14"]
[Round "4.21"]
[Board "1"]
[White "Zhakshylykov, Erzhan"]
[Black "Fedoseev, Vladimir3"]
[Result "0-1"]
[WhiteElo "2327"]
[BlackElo "2692"]
[PlyCount "52"]
[EventDate "2024.09.11"]
[WhiteTeam "Kyrgyzstan"]
[BlackTeam "Slovenia"]
[WhiteTeamCountry "KGZ"]
[BlackTeamCountry "SLO"]

1. d4 d5 2. c4 e6 3. Nc3 Bb4 4. cxd5 exd5 5. Nf3 c5 6. Bd2 Nf6 7. dxc5 Bxc5 8. e3 Nc6 9. Be2 $146 ({RR} 9. Rc1 a6 10. Bd3 Bg4 11. Be2 O-O 12. O-O Bf5 13. Nh4 Be4 14. Nxe4 Nxe4 15. Nf3 Ba7 16. Bc3 Qd6 17. Bd4 Nxd4 18. Nxd4 Bb8 19. Nf3 Bc7 20. g3 h5 21. Nh4 g6 22. Bxh5 gxh5 23. Qxh5 Bd8 {1-0 Kiesslich,B (1862)-Schroeter,D (1619) Aeskulap op 13th 1996 (6)}) 9... O-O 10. O-O a6 11. Rc1 Qd6 12. Qc2 Ba7 13. Rfd1 Be6 14. Be1 Rac8 15. Qa4 Rfd8 16. Qh4 h6 17. Nd4 Nxd4 18. exd4 Re8 19. Bd3 Bg4 20. f3 Bxd4+ 21. Kh1 Be3 22. fxg4 Bxc1 23. Rxc1 d4 24. Bg3 Qb4 25. Rf1 dxc3 26. Rxf6 c2 0-1

[Event "45th Olympiad 2024"]
[Site "Budapest HUN"]
[Date "2024.09.14"]
[Round "4.21"]
[Board "2"]
[White "Demchenko, Anton"]
[Black "Khoroshev, Nikita"]
[Result "1-0"]
[WhiteElo "2597"]
[BlackElo "2355"]
[PlyCount "111"]
[EventDate "2024.09.11"]
[WhiteTeam "Slovenia"]
[BlackTeam "Kyrgyzstan"]
[WhiteTeamCountry "SLO"]
[BlackTeamCountry "KGZ"]

1. e4 e6 2. Nc3 d5 3. Nf3 Nc6 4. Bb5 Nf6 5. e5 Ne4 6. Qe2 Nxc3 7. dxc3 Bd7 8. O-O $146 ({RR} 8. Bg5 Be7 9. h4 h6 10. Bf4 Na5 11. b4 Nc6 12. Bd3 a5 13. b5 Na7 14. Rh3 c5 15. c4 a4 16. Rb1 Nc8 17. Rg3 g5 18. Bd2 gxh4 19. Rg7 Nb6 20. Bg6 fxg6 21. Qd3 Bc8 22. Qxg6+ Kd7 {1-0 Guseinov,G (2456)-Rajlich,I (2345) Budapest FS06 GM 2001 (5)}) 8... h6 9. Rd1 Ne7 10. Bd3 c5 11. c4 Qc7 12. cxd5 exd5 13. c4 O-O-O 14. b4 Be6 15. Bb2 Nc6 16. cxd5 Rxd5 17. b5 Na5 18. Rdc1 Be7 19. Qc2 Rhd8 20. Be4 R5d7 21. Bf5 Qb6 22. Bxe6 Qxe6 23. h3 Kb8 24. Bc3 Nc4 25. a4 Nb6 26. Ba5 Rd3 27. Qe2 c4 28. Rc2 Qd5 29. Re1 Rc8 30. e6 fxe6 31. Ne5 Bc5 32. Bxb6 axb6 33. Nxc4 Rd4 34. Rec1 Rf8 35. Ne3 Qg5 36. Rc4 e5 37. Rf1 Rdf4 38. Rxf4 exf4 39. Ng4 f3 40. gxf3 h5 41. Qe5+ Qxe5 42. Nxe5 Rf4 43. Rc1 Bd4 44. Nd7+ Ka7 45. Rd1 Bb2 46. Rd2 Ba1 47. Kg2 h4 48. Rd3 Bb2 49. Rb3 Bd4 50. Rb4 g5 51. Rc4 Ka8 52. Kf1 Ka7 53. Ke2 Ka8 54. Kd3 Rxf3+ 55. Kxd4 Rf4+ 56. Ke3 1-0

[Event "45th Olympiad 2024"]
[Site "Budapest HUN"]
[Date "2024.09.14"]
[Round "4.21"]
[Board "3"]
[White "Orozbaev, Eldiyar"]
[Black "Subelj, Jan"]
[Result "0-1"]
[WhiteElo "2376"]
[BlackElo "2498"]
[PlyCount "58"]
[EventDate "2024.09.11"]
[WhiteTeam "Kyrgyzstan"]
[BlackTeam "Slovenia"]
[WhiteTeamCountry "KGZ"]
[BlackTeamCountry "SLO"]

1. e4 e5 2. Nf3 Nc6 3. Bc4 Bc5 4. c3 Nf6 5. d4 exd4 6. b4 Bb6 7. e5 d5 8. exf6 dxc4 9. Qe2+ Be6 10. b5 Nb4 11. cxb4 Qxf6 12. O-O O-O 13. a4 a5 ({RR} 13... a6 14. a5 axb5 15. Na3 d3 16. Qd2 Bd4 17. Nxd4 Qxd4 18. Bb2 Qd5 19. Rae1 c6 20. Re5 Qd7 21. Rfe1 Rae8 22. Nb1 f6 23. R5e3 Bf5 24. Qc3 Rxe3 25. Rxe3 Re8 26. Qd4 Kf7 27. Nd2 Qxd4 28. Bxd4 {½-½ Orozbaev,E (2376)-Short,N (2594) FIDE World Rapid Team 2024 (6.43)}) 14. bxa6 ({RR} 14. bxa5 Rxa5 15. Bg5 Qf5 16. Bd2 c3 17. Nxc3 dxc3 18. Bxc3 Raa8 19. Nd4 Bxd4 20. Bxd4 c6 21. bxc6 bxc6 22. Qe5 Qxe5 23. Bxe5 f6 24. Bd4 Rfb8 25. a5 Rb5 26. Rfc1 Raxa5 27. Rxa5 Rxa5 28. Rxc6 Rd5 {½-½ Rossi,G (1941)-Mannion,S (2135) Maia Chess Open 2024 (8.35)}) 14... bxa6 15. Na3 $146 ({RR} 15. a5 Ba7 16. Bg5 Qg6 17. Nbd2 c3 18. Nxd4 Bxd4 19. Nf3 Bg4 20. Be3 Rfe8 21. Rfd1 Rad8 22. Rac1 Qe4 23. Qc4 Bxf3 24. Rxd4 Rxd4 25. Qxd4 Qg6 26. g3 c2 27. Qd7 Bc6 28. Qd4 Qh5 29. Rxc2 Qf3 {0-1 Fuhrmann,B (1973)-Kort,F (1858) Kiel op 34th 2022 (8)}) ({RR} 15. a5 Ba7 16. Qe5 Qxe5 17. Nxe5 c5 18. bxc5 Bxc5 19. Nd2 c3 {½-½ Andreev,K (2151)-Korneev,O (2473) 2nd Bella Italia Master 2023 (9.4)}) 15... d3 16. Qd2 Qxa1 17. Bb2 Qa2 18. Qc3 f6 19. Nd2 c5 20. Naxc4 cxb4 21. Qxb4 Bxc4 22. Nxc4 Ba7 23. Ra1 d2 24. Nxd2 Qd5 25. Ba3 Rab8 26. Qf4 Rfd8 27. Nf1 Qd4 28. Qxd4 Rxd4 29. a5 Ra4 0-1

[Event "45th Olympiad 2024"]
[Site "Budapest HUN"]
[Date "2024.09.14"]
[Round "4.21"]
[Board "4"]
[White "Lavrencic, Matic"]
[Black "Abdyzhapar, Asylbek"]
[Result "0-1"]
[WhiteElo "2360"]
[BlackElo "2357"]
[PlyCount "100"]
[EventDate "2024.09.11"]
[WhiteTeam "Slovenia"]
[BlackTeam "Kyrgyzstan"]
[WhiteTeamCountry "SLO"]
[BlackTeamCountry "KGZ"]

1. e4 c6 2. d4 d5 3. e5 Bf5 4. Nd2 e6 5. Nb3 Nd7 6. Nf3 h6 7. Be2 Ne7 8. O-O Bg6 ({RR} 8... Qc7 9. c3 Bh7 10. Bd3 Bxd3 11. Qxd3 c5 12. Nxc5 Nxc5 13. dxc5 Qxc5 14. Be3 Qc7 15. Qd4 Nf5 16. Qa4+ Qd7 17. Qg4 h5 18. Qf4 g6 19. Nd4 Bh6 20. Qf3 Nxe3 21. fxe3 Bg7 22. e4 Bxe5 23. exd5 {½-½ Carlsen,M (2832)-So,W (2815) chess.com Speed 5m+2spm 2017 blitz (3.2)}) 9. c3 ({RR} 9. Ne1 c5 10. Nxc5 Nxc5 11. dxc5 Nc6 12. Be3 d4 13. Bf4 Bxc5 14. Bd3 O-O 15. Bxg6 fxg6 16. Nd3 Bb6 17. Qg4 Qe8 18. Bd2 Rf5 19. Qe4 g5 20. b4 Qd7 21. a4 a5 22. Rfb1 Rf7 23. bxa5 Bxa5 {1-0 Erdogmus,Y (2540)-Senthil,M (2301) GRENKE Chess Open 2024 (3.24)}) 9... Nf5 10. Bd3 Be7 $146 ({RR} 10... c5 11. dxc5 Nxc5 12. Bb5+ Nd7 13. c4 dxc4 14. Na5 a6 15. Nxb7 Qc8 16. Bxd7+ Qxd7 17. Qxd7+ Kxd7 18. Na5 Rc8 19. Rd1+ Ke8 20. Bd2 Ne7 21. Rac1 Bd3 22. Be3 g5 23. Ne1 Rb8 24. Nxd3 cxd3 25. Rxd3 {½-½ Alekseev,E (2714)-Matlakov,M (2665) RUS-ch Higher League 66th 2013 (9)}) 11. g4 Nh4 12. Nxh4 Bxd3 13. Qxd3 Bxh4 14. f4 Qe7 15. Qh3 g5 16. Nd2 h5 17. f5 exf5 18. gxf5 g4 19. Qd3 O-O-O 20. f6 Qe6 21. Qf5 Nf8 22. Kg2 Qxf5 23. Rxf5 Ne6 24. Nb3 Rdg8 25. Bd2 Bg5 26. Rg1 h4 27. Kf1 Bxd2 28. Nxd2 Kd7 29. Ke2 b6 30. Nf1 c5 31. dxc5 bxc5 32. Ne3 g3 33. hxg3 hxg3 34. Rg2 d4 35. Nf1 Rb8 36. Kd3 Rh4 37. Rxg3 Rxb2 38. cxd4 Rxd4+ 39. Kc3 Rxa2 40. Rg8 Rda4 41. Rb8 R4a3+ 42. Kc4 Rc2+ 43. Kd5 Rd3+ 44. Ke4 c4 45. Ne3 Re2 46. Rf3 Ng5+ 47. Kf4 Nxf3 48. Nxc4 Nd4 49. Rb7+ Kc6 50. Na5+ Kc5 0-1

[Event "45th Olympiad 2024"]
[Site "Budapest HUN"]
[Date "2024.09.14"]
[Round "4.22"]
[Board "1"]
[White "Brkic, Ante"]
[Black "Saraci, Nderim"]
[Result "1-0"]
[WhiteElo "2642"]
[BlackElo "2446"]
[PlyCount "71"]
[EventDate "2024.09.11"]
[WhiteTeam "Croatia"]
[BlackTeam "Kosovo"]
[WhiteTeamCountry "CRO"]
[BlackTeamCountry "KOS"]

1. e4 e5 2. Nf3 Nc6 3. Bb5 a6 4. Ba4 Nf6 5. d3 b5 6. Bb3 Be7 7. a4 Rb8 8. axb5 axb5 9. O-O O-O 10. Re1 d6 11. c3 b4 12. h3 ({RR} 12. Nbd2 bxc3 13. bxc3 Be6 14. Nc4 Qc8 15. Ba3 Re8 16. Ng5 Bg4 17. Qc2 Nd8 18. Ne3 Bd7 19. d4 h6 20. Nf3 Qb7 21. Rab1 Qa8 22. dxe5 dxe5 23. Bxe7 Rxe7 24. Nd5 Nxd5 25. exd5 Rb6 26. Nxe5 Nb7 {½-½ Villa Tornero,A (2321)-Aloma Vidal,R (2446) Tancat MI CE Barcelona 2024 (9.1)}) 12... Nd7 13. d4 Bf6 14. Be3 Ne7 $146 ({RR} 14... bxc3 15. bxc3 Nb6 16. Nbd2 Re8 17. Nc4 exd4 18. cxd4 Nxc4 19. Bxc4 Rb4 20. Rc1 Bd7 21. Qc2 Qb8 22. Red1 Na5 23. Bd3 Ba4 24. Qa2 Bxd1 25. Rxd1 Nb3 26. Bc2 c5 27. e5 cxd4 28. exf6 dxe3 29. fxe3 {½-½ Jackson,J (2386)-Kennaugh,C (2249) BCF-chT1 S3 (4NCL) online 2021 (2.112)}) 15. Nbd2 bxc3 16. bxc3 Ng6 17. Nc4 exd4 18. cxd4 Bb7 19. Bc2 Re8 20. Na5 Ba8 21. Ra3 d5 22. e5 Be7 23. Ra1 c5 24. Ba4 cxd4 25. Nxd4 Ngxe5 26. Bf4 Bb4 27. Bxd7 Bxe1 28. Bxe8 Bxf2+ 29. Kxf2 Qf6 30. Kg3 Rxe8 31. Bxe5 Qxe5+ 32. Kf2 Qe3+ 33. Kf1 Re4 34. Nf3 h6 35. Qc2 d4 36. Nc4 1-0

[Event "45th Olympiad 2024"]
[Site "Budapest HUN"]
[Date "2024.09.14"]
[Round "4.22"]
[Board "2"]
[White "Ondozi, Murtez"]
[Black "Martinovic, Sasa"]
[Result "0-1"]
[WhiteElo "2371"]
[BlackElo "2563"]
[PlyCount "100"]
[EventDate "2024.09.11"]
[WhiteTeam "Kosovo"]
[BlackTeam "Croatia"]
[WhiteTeamCountry "KOS"]
[BlackTeamCountry "CRO"]

1. c4 e6 2. d4 Nf6 3. Nf3 d5 4. Nc3 dxc4 5. e3 a6 6. Bxc4 b5 7. Be2 Bb7 8. O-O Nbd7 9. b3 Bd6 10. Bb2 O-O 11. Nd2 c5 12. Bf3 cxd4 13. exd4 Qb8 14. Bxb7 $146 ({RR} 14. h3 Bb4 15. Nde4 Rd8 16. Qe2 Bxc3 17. Nxc3 Bxf3 18. Qxf3 Nb6 19. Rac1 Qd6 20. Ne2 Rac8 21. Rxc8 Rxc8 22. Rc1 Nfd5 23. Rxc8+ Nxc8 24. Nc1 Qc6 25. g3 Nd6 26. Qd3 h5 27. h4 Nf5 28. Qd1 g6 {0-1 Jogstad,M (2291)-Grandelius,N (2642) SWE-ch Stockholm 2017 (4)}) 14... Qxb7 15. Qe2 Rac8 16. Rac1 Rfd8 17. g3 Bb4 18. a3 Bxc3 19. Rxc3 Rxc3 20. Bxc3 Rc8 21. Qd3 Qd5 22. Bb2 h5 23. Qb1 h4 24. Rc1 Rd8 25. Qc2 h3 26. Qc6 Qg5 27. f4 Qf5 28. Qc2 Qd5 29. Qc6 Qh5 30. Qf3 Qf5 31. Qe2 Nb6 32. Rc5 Nbd5 33. Rc6 b4 34. axb4 Nxb4 35. Rc4 a5 36. Ba3 Qd5 37. Qf3 Qb5 38. Qf1 Qb6 39. Nf3 Nbd5 40. Qd3 Qb7 41. Rc5 Nb4 42. Qe2 Nc6 43. Rb5 Qa6 44. Bc5 Na7 45. Bxa7 Qxa7 46. Qd2 Qa8 47. Qd3 g6 48. Qe2 Rc8 49. Rc5 Rb8 50. Qc2 Qxf3 0-1

[Event "45th Olympiad 2024"]
[Site "Budapest HUN"]
[Date "2024.09.14"]
[Round "4.22"]
[Board "3"]
[White "Livaic, Leon"]
[Black "Uruci, Endrit"]
[Result "1-0"]
[WhiteElo "2550"]
[BlackElo "2348"]
[PlyCount "91"]
[EventDate "2024.09.11"]
[WhiteTeam "Croatia"]
[BlackTeam "Kosovo"]
[WhiteTeamCountry "CRO"]
[BlackTeamCountry "KOS"]

1. Nf3 Nf6 2. c4 c6 3. Nc3 d5 4. e3 e6 5. b3 Be7 6. Bb2 b6 7. d4 Bb7 8. Bd3 O-O 9. O-O Nbd7 10. Qe2 Rc8 11. Rad1 Qc7 12. e4 ({RR} 12. Ne5 Nxe5 13. dxe5 Nd7 14. cxd5 cxd5 15. Nb5 Qb8 16. f4 Ba6 17. a4 g6 18. Bc2 Rfd8 19. Qf2 Bxb5 20. axb5 f5 21. g4 fxg4 22. Bb1 Nf8 23. Qg3 Bc5 24. b4 Bxb4 25. Qxg4 Bc3 26. Ba3 Rc5 {1-0 Jakovenko,D (2730)-Buhmann,R (2579) FRA-chT Top 12 2014 (6.3)}) 12... dxe4 13. Nxe4 Rfd8 ({RR} 13... Nxe4 14. Qxe4 Nf6 15. Qh4 h6 16. Bc1 c5 17. Bxh6 gxh6 18. Qxh6 Be4 19. Bxe4 Nxe4 20. Rfe1 f5 21. Qg6+ Kh8 22. Ne5 Rf6 23. Nf7+ Rxf7 24. Qxf7 Bd6 25. Qxc7 Rxc7 26. d5 e5 27. Rd3 Kg7 28. g4 {1-0 Keymer,V (2743)-Rakhmatullaev,A (2426) Titled Tue 9th Jan Early 2024 (7)}) 14. Neg5 Rf8 $146 ({RR} 14... Nf8 15. Ne5 h6 16. Ngxf7 Re8 17. Qe3 c5 18. Nxh6+ gxh6 19. Qg3+ {1-0 Javakhadze,Z (2561)-Barnes,M (1959) Irving DFW op 2022 (2)}) 15. Ne5 h6 16. Ngf3 Rfe8 17. Bb1 Nxe5 18. dxe5 Nh7 19. Nd4 a6 20. Qh5 c5 21. Ne2 Nf8 22. Ng3 Rcd8 23. Rde1 b5 24. Qg4 bxc4 25. Nh5 g6 26. bxc4 Qc6 27. f3 Kh8 28. Nf6 Bxf6 29. exf6 Qd6 30. Qh3 Qf4 31. Be5 Qg5 32. f4 Qh5 33. Qxh5 gxh5 34. Bc3 Nd7 35. Rd1 Nb6 36. Bd3 Rg8 37. g3 h4 38. Kf2 Rd7 39. Be2 Rgd8 40. Rxd7 Rxd7 41. Ke3 Nc8 42. g4 Nd6 43. Be5 h5 44. Bxd6 Rxd6 45. g5 Rd4 46. Bd3 1-0

[Event "45th Olympiad 2024"]
[Site "Budapest HUN"]
[Date "2024.09.14"]
[Round "4.22"]
[Board "4"]
[White "Asllani, Muhamet"]
[Black "Kozul, Zdenko"]
[Result "0-1"]
[WhiteElo "2191"]
[BlackElo "2515"]
[PlyCount "56"]
[EventDate "2024.09.11"]
[WhiteTeam "Kosovo"]
[BlackTeam "Croatia"]
[WhiteTeamCountry "KOS"]
[BlackTeamCountry "CRO"]

1. e4 c5 2. Nf3 Nc6 3. d4 cxd4 4. Nxd4 Qb6 5. Nb3 Nf6 6. Nc3 e6 7. Be3 Qc7 8. a3 a6 9. f4 d6 10. Be2 b5 11. Bf3 ({RR} 11. O-O Be7 12. g4 h6 13. h4 Nd7 14. g5 hxg5 15. hxg5 g6 16. Nd4 Bb7 17. Bg4 Nxd4 18. Qxd4 Rh4 19. Qd1 O-O-O 20. Bf2 Rh7 21. Qd2 d5 22. exd5 Bxg5 23. Bd4 Rh4 24. Qg2 Bxf4 25. Rad1 Bh2+ {0-1 Aghayev,M (2364)-Ivanisevic,I (2608) Bergamo op 13th 2014 (3)}) ({RR} 11. O-O Be7 12. Bf3 Bb7 13. Qe2 O-O 14. Qf2 Nd7 15. g4 Nc5 16. Nxc5 dxc5 17. Bg2 Nd4 18. g5 f6 19. gxf6 Rxf6 20. Kh1 Raf8 21. Rad1 Bd6 22. Bxd4 Rxf4 23. Qe3 cxd4 24. Qxd4 Rxf1+ 25. Rxf1 Rxf1+ {0-1 Bali,A (1928)-Gara,T (2353) HUN-chT 1516 2015 (6.12)}) 11... Rb8 12. Qd2 $146 ({RR} 12. O-O Be7 13. Qe2 O-O 14. Rad1 Re8 15. Qf2 b4 16. axb4 Rxb4 17. e5 dxe5 18. Bxc6 Qxc6 19. fxe5 Ng4 20. Qxf7+ Kh8 21. Na5 {1-0 Putzbach,G (2275)-Hawranke,D Pinneberg-ch op 1993 (6)}) ({RR} 12. O-O Be7 13. Rc1 O-O 14. Ne2 Na5 15. Nxa5 Qxa5 16. e5 dxe5 17. fxe5 Nd5 18. Bd4 Bg5 19. Rb1 Be3+ 20. Bxe3 Nxe3 21. Qd6 Qb6 22. Qxb6 Rxb6 23. Rfc1 Nc4 24. Nd4 Nxe5 25. Be2 Bb7 26. Re1 Rd8 {0-1 Kamenov,V (1842)-Stoynov,Y (2221) BUL-chT GpB 63rd 2013 (3.3)}) 12... Be7 13. g4 Nd7 14. Nd4 Nxd4 15. Bxd4 O-O 16. g5 Bb7 17. Rf1 e5 18. Be3 exf4 19. Bxf4 Ne5 20. Bxe5 dxe5 21. Nd5 Bxd5 22. exd5 e4 23. d6 Bxd6 24. Bxe4 b4 25. a4 Qe7 26. O-O-O Qxe4 27. Qxd6 b3 28. Rd3 Qe2 0-1

[Event "45th Olympiad 2024"]
[Site "Budapest HUN"]
[Date "2024.09.14"]
[Round "4.23"]
[Board "1"]
[White "Atabayev, Saparmyrat"]
[Black "Dragnev, Valentin"]
[Result "1/2-1/2"]
[WhiteElo "2516"]
[BlackElo "2556"]
[PlyCount "94"]
[EventDate "2024.09.11"]
[WhiteTeam "Turkmenistan"]
[BlackTeam "Austria"]
[WhiteTeamCountry "TKM"]
[BlackTeamCountry "AUT"]

1. e4 e5 2. Nf3 Nc6 3. Bb5 a6 4. Ba4 Nf6 5. O-O Be7 6. Re1 b5 7. Bb3 O-O 8. h3 Bb7 9. d3 Na5 ({RR} 9... d6 10. a4 Na5 11. Ba2 c5 12. Nbd2 Bc8 13. Nf1 Bd7 14. Ne3 bxa4 15. Nd2 Rb8 16. c3 Bb5 17. Nf5 Ne8 18. Nc4 Nb3 19. Bxb3 axb3 20. Qxb3 Bf6 21. Qd1 g6 22. Nfe3 Nc7 23. Nd2 Bg5 24. c4 {½-½ Anand,V (2803)-Svidler,P (2743) Sofia MTel Masters 2nd 2006 (9)}) 10. Nbd2 ({RR} 10. Nxe5 Nxb3 11. axb3 d5 12. exd5 Qxd5 13. Nf3 Rfe8 14. Nc3 Qh5 15. Ne5 Bd6 16. Qxh5 Nxh5 17. d4 c5 18. Be3 b4 19. Nc4 Bc7 20. Na4 cxd4 21. Bxd4 Nf4 22. Bb6 Bxb6 23. Naxb6 Nxg2 24. Rxe8+ Rxe8 {½-½ Shirov,A (2658)-Hakobyan,A (2619) Titled Tue 19th Mar Late 2024 (10)}) 10... d6 11. Nf1 Re8 $146 ({RR} 11... Nxb3 12. axb3 Re8 13. Ng3 Bf8 14. Bg5 h6 15. Bd2 g6 16. c4 Bg7 17. Nh2 c6 18. Bc3 Nh7 19. Nf3 Nf8 20. b4 c5 21. b3 a5 22. bxa5 b4 23. a6 Rxa6 24. Rxa6 Bxa6 25. Bb2 Qd7 26. Qd2 {½-½ Hennings,A (2270)-Reyer,U (2120) LM-ch Germany 1996}) ({RR} 11... h6 12. Ng3 Re8 13. Nf5 Bf8 14. Bd2 Nxb3 15. axb3 d5 16. exd5 Qxd5 17. Ne3 Qd7 18. Bc3 Bd6 19. Nf1 e4 20. dxe4 Nxe4 21. Qd4 Nxc3 22. Qxc3 Rxe1 23. Rxe1 Qc6 24. Qxc6 Bxc6 25. Nd4 Bd7 26. Ne3 {0-1 Shearsby,J (1814)-Hebden,M (2448) ECF Charity Marathon UKR blitz 2022}) 12. Bd2 Nxb3 13. axb3 h6 14. Ng3 Bf8 15. c4 g6 16. Qc1 Kh7 17. b4 Bg7 18. b3 Nd7 19. Nh2 Nf8 20. f4 exf4 21. Bxf4 Ne6 22. Be3 Nd4 23. Qd1 f5 24. Ra2 Be5 25. Ne2 Nc6 26. Qd2 Bg7 27. Rf1 fxe4 28. d4 Qe7 29. Nf4 Rf8 30. Raa1 Rae8 31. Rac1 Nd8 32. d5 Bc8 33. Qc2 Rf7 34. Ne2 Ref8 35. Rxf7 Rxf7 36. Rf1 Bd7 37. Qa2 bxc4 38. bxc4 Bc8 39. Qc2 Be5 40. Qc1 Rxf1+ 41. Nxf1 Nf7 42. Nd4 Bg7 43. Qc2 Qh4 44. Bf2 Qe7 45. Be3 Qh4 46. Bf2 Qe7 47. Be3 Qh4 1/2-1/2